Kardashians-Jenner family members - Statistics

General Stats
  • This quiz has been taken 234 times
  • The average score is 23 of 28
Answer Stats
Picture Answer % Correct
Kim Kardashian
99%
Kendall Jenner
98%
Khloe Kardashian
98%
Kris Jenner
98%
Kylie Jenner
98%
Kourtney Kardashian
97%
Kanye West
94%
Rob Kardashian
94%
North West
91%
Caitlyn Jenner
90%
Robert Kardashian
90%
Travis Scott
90%
Stormi Webster
86%
Scott Disick
85%
Travis Barker
83%
Blac Chyna
79%
Penelope Disick
77%
Mason Disick
75%
Tristan Thompson
74%
True Thompson
74%
Chicago West
72%
Dream Kardashian
70%
Lamar Odom
68%
Reign Disick
67%
Saint West
67%
Psalm West
66%
Corey Gamble
52%
Kris Humphries
50%
No matching quizzes found
Score Distribution
Percent of People with Each Score
Percentile by Number Answered
Your Score History
You have not taken this quiz